000 00218nam a2200085 4500
001 1258340
005 20260308095313.0
245 _aBİLİM DEDEKTİFLERİ GÜÇ TAŞI
_cEMİR HERSAN SEVİL BAL
260 _bTİMAŞ YAYINLARI
999 _c1258340
_d1258340